000 00319nam a22001337a 4500
008 180223b xxu||||| |||| 00| 0 eng d
020 _a9780767424073
041 _aeng
080 _a611
100 _a49
101 _asoc
245 _athe child infants children and adolescents
_ccobb.n.j
942 _2udc
_cBK
999 _c43283
_d43283